[Event "LOTTO Polish Championship"]
[Site "chess24.com"]
[Date "2019.05.11"]
[Round "1"]
[White "Dragun, Kamil"]
[Black "Piorun, Kacper"]
[Result "1/2-1/2"]
[Board "1"]
[WhiteElo "2591"]
[WhiteTitle "GM"]
[WhiteCountry "POL"]
[WhiteFideId "1134167"]
[WhiteEloChange "1"]
[BlackElo "2657"]
[BlackTitle "GM"]
[BlackCountry "POL"]
[BlackFideId "1130420"]
[BlackEloChange "-1"]

1. Nf3 {[%clk 1:30:56]} Nf6 {[%clk 1:29:44]} 2. g3 {[%clk 1:31:21]} g6 {[%clk
1:28:50]} 3. Bg2 {[%clk 1:31:38]} Bg7 {[%clk 1:28:57]} 4. O-O {[%clk 1:32:02]}
O-O {[%clk 1:27:35]} 5. c4 {[%clk 1:32:08]} c5 {[%clk 1:23:50]} 6. Nc3 {[%clk
1:31:43]} d5 {[%clk 1:24:04]} 7. cxd5 {[%clk 1:31:43]} Nxd5 {[%clk 1:24:04]} 8.
Nxd5 {[%clk 1:31:43]} Qxd5 {[%clk 1:24:04]} 9. d3 {[%clk 1:31:43]} Nc6 {[%clk
1:24:04]} 10. Be3 {[%clk 1:31:43]} Bd7 {[%clk 1:24:04]} 11. Nd4 {[%clk 1:31:43]}
Qd6 {[%clk 1:24:04]} 12. Nxc6 {[%clk 1:31:43]} Bxc6 {[%clk 1:24:04]} 13. Bxc6
{[%clk 1:31:43]} Qxc6 {[%clk 1:24:04]} 14. Rc1 {[%clk 1:31:43]} Qe6 {[%clk
1:24:04]} 15. Rxc5 {[%clk 1:31:43]} Qxa2 {[%clk 1:24:04]} 16. Rb5 {[%clk
1:31:43]} b6 {[%clk 1:24:04]} 17. Qa1 {[%clk 1:31:43]} Qe6 {[%clk 1:24:04]} 18.
Qa4 {[%clk 1:31:43]} Rfc8 {[%clk 1:24:04]} 19. Ra1 {[%clk 1:31:43]} h5 {[%clk
1:24:04]} 20. Qb3 {[%clk 1:31:43]} Qxb3 {[%clk 1:24:04]} 21. Rxb3 {[%clk
1:31:43]} Rc2 {[%clk 1:24:04]} 22. Rxb6 {[%clk 1:31:43]} Rxe2 {[%clk 1:24:04]}
23. Rb7 {[%clk 0:40:25]} Rxb2 {[%clk 0:58:15]} 24. Rxb2 {[%clk 0:40:40]} Bxb2
{[%clk 0:58:38]} 25. Rxa7 {[%clk 0:41:07]} Rd8 {[%clk 0:56:03]} 26. Rxe7 {[%clk
0:41:10]} Rxd3 {[%clk 0:56:22]} 27. Rb7 {[%clk 0:41:24]} Ba1 {[%clk 0:56:46]} 28.
Rb1 {[%clk 0:41:43]} Be5 {[%clk 0:57:06]} 29. Kg2 {[%clk 0:41:52]} Kg7 {[%clk
0:57:28]} 30. Rb5 {[%clk 0:42:17]} Bf6 {[%clk 0:57:52]} 31. h4 {[%clk 0:42:07]}
1/2-1/2

[Event "LOTTO Polish Championship"]
[Site "chess24.com"]
[Date "2019.05.11"]
[Round "1"]
[White "Gajewski, Grzegorz"]
[Black "Sadzikowski, Daniel"]
[Result "1-0"]
[Board "2"]
[WhiteElo "2613"]
[WhiteTitle "GM"]
[WhiteCountry "POL"]
[WhiteFideId "1116207"]
[WhiteEloChange "4"]
[BlackElo "2522"]
[BlackTitle "GM"]
[BlackCountry "POL"]
[BlackFideId "1132253"]
[BlackEloChange "-4"]

1. d4 {[%clk 1:30:58]} Nf6 {[%clk 1:30:50]} 2. c4 {[%clk 1:31:23]} e6 {[%clk
1:31:17]} 3. Nc3 {[%clk 1:31:45]} d5 {[%clk 1:30:56]} 4. Bg5 {[%clk 1:31:06]} Be7
{[%clk 1:29:11]} 5. Nf3 {[%clk 1:31:05]} O-O {[%clk 1:27:43]} 6. e3 {[%clk
1:31:27]} Nbd7 {[%clk 1:28:06]} 7. Qc2 {[%clk 1:30:01]} h6 {[%clk 1:26:37]} 8.
cxd5 {[%clk 1:29:08]} exd5 {[%clk 1:17:05]} 9. Bf4 {[%clk 1:29:31]} c5 {[%clk
1:13:00]} 10. Be2 {[%clk 1:28:57]} b6 {[%clk 1:10:22]} 11. O-O {[%clk 1:23:06]}
Bb7 {[%clk 1:09:54]} 12. Rfd1 {[%clk 1:21:46]} Rc8 {[%clk 0:49:08]} 13. Qf5
{[%clk 1:19:52]} c4 {[%clk 0:46:29]} 14. Ne5 {[%clk 1:13:20]} Bb4 {[%clk
0:29:01]} 15. Bf3 {[%clk 1:06:48]} Bxc3 {[%clk 0:28:42]} 16. bxc3 {[%clk
1:07:08]} Qe7 {[%clk 0:26:19]} 17. a4 {[%clk 1:07:10]} Qe6 {[%clk 0:19:50]} 18.
Qxe6 {[%clk 1:03:37]} fxe6 {[%clk 0:20:19]} 19. a5 {[%clk 0:57:32]} Nxe5 {[%clk
0:20:43]} 20. Bxe5 {[%clk 0:56:51]} b5 {[%clk 0:19:12]} 21. a6 {[%clk 0:55:38]}
Bc6 {[%clk 0:19:40]} 22. Bd6 {[%clk 0:51:18]} Rf7 {[%clk 0:19:56]} 23. Rdb1
{[%clk 0:51:41]} g5 {[%clk 0:17:01]} 24. h3 {[%clk 0:51:09]} Ne4 {[%clk 0:12:52]}
25. Bb4 {[%clk 0:42:23]} Kg7 {[%clk 0:12:15]} 26. Rb2 {[%clk 0:40:10]} Kg6 {[%clk
0:09:35]} 27. Bg4 {[%clk 0:36:57]} Re8 {[%clk 0:09:20]} 28. Bd1 {[%clk 0:37:08]}
h5 {[%clk 0:09:48]} 29. f3 {[%clk 0:33:31]} Ng3 {[%clk 0:09:55]} 30. Bc2+ {[%clk
0:33:42]} Kh6 {[%clk 0:09:05]} 31. Re1 {[%clk 0:31:33]} Rd8 {[%clk 0:06:28]} 32.
Bb1 {[%clk 0:29:32]} h4 {[%clk 0:06:38]} 33. e4 {[%clk 0:29:03]} dxe4 {[%clk
0:05:10]} 34. fxe4 {[%clk 0:29:13]} Rdd7 {[%clk 0:04:33]} 35. d5 {[%clk 0:26:31]}
exd5 {[%clk 0:05:02]} 36. e5 {[%clk 0:26:59]} Rd8 {[%clk 0:03:10]} 37. e6 {[%clk
0:27:02]} Re8 {[%clk 0:03:30]} 38. Rf2 {[%clk 0:21:09]} Rxf2 {[%clk 0:03:46]} 39.
Kxf2 {[%clk 0:21:38]} Kg7 {[%clk 0:03:13]} 40. Bc5 {[%clk 0:50:18]} Kf6 {[%clk
0:33:19]} 41. e7 {[%clk 0:45:33]} b4 {[%clk 0:22:15]} 42. Bxa7 {[%clk 0:36:30]}
bxc3 {[%clk 0:16:24]} 43. Bc5 {[%clk 0:28:14]} Nf5 {[%clk 0:14:31]} 44. a7 {[%clk
0:24:41]} Ba4 {[%clk 0:04:02]} 45. Bxf5 {[%clk 0:14:16]} Kxf5 {[%clk 0:04:30]}
46. Ke3 {[%clk 0:14:41]} Ke5 {[%clk 0:04:05]} 47. a8Q {[%clk 0:11:34]} Rxa8
{[%clk 0:04:19]} 48. Ra1 {[%clk 0:12:00]} c2 {[%clk 0:02:48]} 49. Kd2 {[%clk
0:12:23]} c3+ {[%clk 0:03:01]} 1-0

[Event "LOTTO Polish Championship"]
[Site "chess24.com"]
[Date "2019.05.11"]
[Round "1"]
[White "Gumularz, Szymon"]
[Black "Heberla, Bartlomiej"]
[Result "1-0"]
[Board "3"]
[WhiteElo "2483"]
[WhiteTitle "IM"]
[WhiteCountry "POL"]
[WhiteFideId "1188062"]
[WhiteEloChange "6"]
[BlackElo "2556"]
[BlackTitle "GM"]
[BlackCountry "POL"]
[BlackFideId "1115120"]
[BlackEloChange "-6"]

1. e4 {[%clk 1:30:53]} e5 {[%clk 1:30:54]} 2. Nf3 {[%clk 1:31:00]} Nc6 {[%clk
1:31:21]} 3. Bb5 {[%clk 1:31:12]} a6 {[%clk 1:31:48]} 4. Ba4 {[%clk 1:31:35]} d6
{[%clk 1:32:13]} 5. O-O {[%clk 1:30:43]} Bd7 {[%clk 1:32:12]} 6. d4 {[%clk
1:22:49]} b5 {[%clk 1:31:10]} 7. Bb3 {[%clk 1:23:10]} Nxd4 {[%clk 1:31:26]} 8.
Nxd4 {[%clk 1:23:10]} exd4 {[%clk 1:31:53]} 9. c3 {[%clk 1:23:39]} dxc3 {[%clk
1:29:33]} 10. Qh5 {[%clk 1:21:17]} Qe7 {[%clk 1:11:17]} 11. Nxc3 {[%clk 1:20:29]}
Nf6 {[%clk 1:11:45]} 12. Qf3 {[%clk 1:16:42]} c6 {[%clk 1:07:42]} 13. Bf4 {[%clk
1:09:39]} Ng4 {[%clk 1:03:41]} 14. Rad1 {[%clk 0:46:18]} Ne5 {[%clk 1:00:50]} 15.
Qe3 {[%clk 0:45:52]} h6 {[%clk 0:35:24]} 16. Bg3 {[%clk 0:41:15]} h5 {[%clk
0:29:25]} 17. h3 {[%clk 0:34:50]} h4 {[%clk 0:28:15]} 18. Bh2 {[%clk 0:34:47]} g5
{[%clk 0:23:15]} 19. f4 {[%clk 0:26:53]} gxf4 {[%clk 0:23:38]} 20. Bxf4 {[%clk
0:26:25]} Be6 {[%clk 0:23:45]} 21. Kh1 {[%clk 0:26:20]} Qa7 {[%clk 0:12:02]} 22.
Qc1 {[%clk 0:15:55]} Nc4 {[%clk 0:08:40]} 23. Rf3 {[%clk 0:11:00]} Qc5 {[%clk
0:07:08]} 24. Ne2 {[%clk 0:07:52]} Rg8 {[%clk 0:04:58]} 25. Nd4 {[%clk 0:06:48]}
Be7 {[%clk 0:05:22]} 26. Bxc4 {[%clk 0:05:25]} bxc4 {[%clk 0:05:33]} 27. Be3
{[%clk 0:05:37]} Qe5 {[%clk 0:04:57]} 28. Nxc6 {[%clk 0:04:18]} Qxe4 {[%clk
0:05:05]} 29. Nxe7 {[%clk 0:04:11]} Kxe7 {[%clk 0:04:28]} 30. Bf4 {[%clk
0:02:53]} d5 {[%clk 0:02:28]} 31. Qc3 {[%clk 0:03:08]} Ke8 {[%clk 0:02:28]} 32.
Re1 {[%clk 0:02:06]} Qg6 {[%clk 0:02:11]} 33. Rf2 {[%clk 0:02:27]} Rd8 {[%clk
0:01:24]} 34. Qa5 {[%clk 0:01:50]} Qd3 {[%clk 0:01:00]} 35. Qa4+ {[%clk 0:01:16]}
Rd7 {[%clk 0:01:11]} 36. Qxa6 {[%clk 0:00:58]} Rg6 {[%clk 0:01:25]} 37. Bd6
{[%clk 0:00:50]} Qd4 {[%clk 0:01:08]} 38. Qa8+ {[%clk 0:00:50]} Rd8 {[%clk
0:01:35]} 39. Qc6+ {[%clk 0:01:16]} Rd7 {[%clk 0:02:00]} 40. Rfe2 {[%clk
0:30:57]} Qa7 {[%clk 0:30:53]} 41. Rxe6+ {[%clk 0:17:53]} fxe6 {[%clk 0:29:07]}
42. Rf1 {[%clk 0:17:59]} 1-0

[Event "LOTTO Polish Championship"]
[Site "chess24.com"]
[Date "2019.05.11"]
[Round "1"]
[White "Socko, Bartosz"]
[Black "Tomczak, Jacek"]
[Result "1-0"]
[Board "4"]
[WhiteElo "2627"]
[WhiteTitle "GM"]
[WhiteCountry "POL"]
[WhiteFideId "1107038"]
[WhiteEloChange "5"]
[BlackElo "2631"]
[BlackTitle "GM"]
[BlackCountry "POL"]
[BlackFideId "1124668"]
[BlackEloChange "-5"]

1. d4 {[%clk 1:30:57]} d5 {[%clk 1:30:53]} 2. Nf3 {[%clk 1:30:42]} Nf6 {[%clk
1:31:13]} 3. g3 {[%clk 1:30:35]} c5 {[%clk 1:30:42]} 4. Bg2 {[%clk 1:28:00]} cxd4
{[%clk 1:30:22]} 5. O-O {[%clk 1:27:44]} h6 {[%clk 1:29:50]} 6. Nxd4 {[%clk
1:27:04]} e5 {[%clk 1:28:09]} 7. Nb3 {[%clk 1:27:26]} Be6 {[%clk 1:21:35]} 8. c4
{[%clk 1:23:16]} Nc6 {[%clk 1:20:03]} 9. cxd5 {[%clk 1:22:58]} Bxd5 {[%clk
1:15:59]} 10. Nc3 {[%clk 1:13:27]} Bxg2 {[%clk 1:16:00]} 11. Kxg2 {[%clk
1:13:50]} Be7 {[%clk 1:08:48]} 12. Be3 {[%clk 1:11:46]} O-O {[%clk 1:05:03]} 13.
Rc1 {[%clk 1:10:09]} Rc8 {[%clk 1:00:14]} 14. Qxd8 {[%clk 1:04:03]} Rfxd8 {[%clk
1:00:07]} 15. Rfd1 {[%clk 1:04:26]} Rxd1 {[%clk 0:46:43]} 16. Rxd1 {[%clk
1:04:28]} b6 {[%clk 0:46:53]} 17. a3 {[%clk 0:58:30]} Kf8 {[%clk 0:43:37]} 18. h3
{[%clk 0:53:58]} Rd8 {[%clk 0:39:54]} 19. Rc1 {[%clk 0:47:20]} Ke8 {[%clk
0:39:29]} 20. Nb5 {[%clk 0:45:42]} Kd7 {[%clk 0:36:46]} 21. Rd1+ {[%clk 0:42:16]}
Ke8 {[%clk 0:20:26]} 22. Nc7+ {[%clk 0:39:40]} Kf8 {[%clk 0:20:52]} 23. Rc1
{[%clk 0:40:01]} Rd6 {[%clk 0:20:33]} 24. f4 {[%clk 0:29:25]} Ne4 {[%clk
0:02:00]} 25. fxe5 {[%clk 0:20:41]} Rg6 {[%clk 0:02:14]} 26. Bf4 {[%clk 0:20:54]}
Bd8 {[%clk 0:01:02]} 27. Nb5 {[%clk 0:16:30]} Ke8 {[%clk 0:00:36]} 28. h4 {[%clk
0:12:50]} Kd7 {[%clk 0:00:34]} 29. Kf3 {[%clk 0:12:26]} Nc5 {[%clk 0:00:41]} 30.
Nxc5+ {[%clk 0:11:06]} bxc5 {[%clk 0:01:06]} 31. Rxc5 {[%clk 0:11:08]} Re6 {[%clk
0:01:23]} 32. Rd5+ {[%clk 0:10:06]} Ke7 {[%clk 0:01:19]} 33. e3 {[%clk 0:07:24]}
Bb6 {[%clk 0:00:34]} 34. Nd6 {[%clk 0:05:57]} Kf8 {[%clk 0:00:31]} 35. b4 {[%clk
0:05:05]} g5 {[%clk 0:00:52]} 36. hxg5 {[%clk 0:05:18]} hxg5 {[%clk 0:01:18]} 37.
Bxg5 {[%clk 0:04:33]} Nxe5+ {[%clk 0:01:43]} 38. Ke2 {[%clk 0:04:43]} Bc7 {[%clk
0:00:49]} 39. Nf5 {[%clk 0:03:24]} Ra6 {[%clk 0:00:31]} 40. Bd8 {[%clk 0:32:59]}
1-0

[Event "LOTTO Polish Championship"]
[Site "chess24.com"]
[Date "2019.05.12"]
[Round "2"]
[White "Piorun, Kacper"]
[Black "Janik, Igor"]
[Result "1/2-1/2"]
[Board "1"]
[WhiteElo "2657"]
[WhiteTitle "GM"]
[WhiteCountry "POL"]
[WhiteFideId "1130420"]
[WhiteEloChange "-2"]
[BlackElo "2469"]
[BlackTitle "IM"]
[BlackCountry "POL"]
[BlackFideId "1159259"]
[BlackEloChange "2"]

1. e4 {[%clk 1:30:55]} e5 {[%clk 1:30:55]} 2. Nf3 {[%clk 1:31:09]} Nf6 {[%clk
1:31:19]} 3. Nxe5 {[%clk 1:28:33]} d6 {[%clk 1:31:41]} 4. Nf3 {[%clk 1:28:57]}
Nxe4 {[%clk 1:32:06]} 5. d4 {[%clk 1:28:43]} d5 {[%clk 1:32:27]} 6. Bd3 {[%clk
1:29:04]} Nc6 {[%clk 1:32:50]} 7. O-O {[%clk 1:28:04]} Be7 {[%clk 1:33:14]} 8.
Nbd2 {[%clk 1:26:53]} Nd6 {[%clk 1:32:45]} 9. c3 {[%clk 1:23:10]} Bf5 {[%clk
1:32:57]} 10. Be2 {[%clk 1:23:36]} O-O {[%clk 1:24:28]} 11. Re1 {[%clk 1:24:01]}
Bf6 {[%clk 1:21:12]} 12. Nf1 {[%clk 1:24:21]} Ne7 {[%clk 1:20:17]} 13. Ne3 {[%clk
1:21:39]} Be6 {[%clk 1:20:05]} 14. g3 {[%clk 1:13:16]} c6 {[%clk 1:18:52]} 15.
Ng2 {[%clk 1:12:56]} Bg4 {[%clk 1:14:12]} 16. Nf4 {[%clk 1:00:25]} Ng6 {[%clk
1:12:12]} 17. Nd3 {[%clk 1:00:18]} Re8 {[%clk 1:11:12]} 18. Nfe5 {[%clk 0:59:33]}
Bxe2 {[%clk 1:11:18]} 19. Rxe2 {[%clk 0:58:37]} Qc8 {[%clk 1:04:18]} 20. Nxg6
{[%clk 0:51:49]} hxg6 {[%clk 1:04:14]} 21. Bf4 {[%clk 0:52:10]} Ne4 {[%clk
0:59:55]} 22. f3 {[%clk 0:46:34]} Ng5 {[%clk 0:59:49]} 23. Rxe8+ {[%clk 0:46:46]}
Qxe8 {[%clk 1:00:17]} 24. Qf1 {[%clk 0:47:10]} Ne6 {[%clk 0:57:34]} 25. Re1
{[%clk 0:42:57]} Qc8 {[%clk 0:56:15]} 26. Be5 {[%clk 0:36:59]} b6 {[%clk
0:53:49]} 27. f4 {[%clk 0:27:32]} Be7 {[%clk 0:49:40]} 28. h4 {[%clk 0:19:35]} f6
{[%clk 0:43:07]} 29. f5 {[%clk 0:17:11]} gxf5 {[%clk 0:41:41]} 30. Qxf5 {[%clk
0:17:30]} Nf8 {[%clk 0:41:14]} 31. Qxc8 {[%clk 0:17:48]} Rxc8 {[%clk 0:41:42]}
32. Bf4 {[%clk 0:17:59]} Kf7 {[%clk 0:42:03]} 33. Kf2 {[%clk 0:16:38]} 1/2-1/2

[Event "LOTTO Polish Championship"]
[Site "chess24.com"]
[Date "2019.05.12"]
[Round "2"]
[White "Tomczak, Jacek"]
[Black "Bartel, Mateusz"]
[Result "1-0"]
[Board "2"]
[WhiteElo "2631"]
[WhiteTitle "GM"]
[WhiteCountry "POL"]
[WhiteFideId "1124668"]
[WhiteEloChange "5"]
[BlackElo "2598"]
[BlackTitle "GM"]
[BlackCountry "POL"]
[BlackFideId "1112635"]
[BlackEloChange "-5"]

1. e4 {[%clk 1:30:57]} e5 {[%clk 1:30:55]} 2. Nc3 {[%clk 1:31:22]} Nf6 {[%clk
1:30:50]} 3. g3 {[%clk 1:31:43]} Bc5 {[%clk 1:24:10]} 4. Bg2 {[%clk 1:31:52]} Nc6
{[%clk 1:24:34]} 5. d3 {[%clk 1:31:37]} a6 {[%clk 1:24:31]} 6. Nge2 {[%clk
1:31:23]} d6 {[%clk 1:24:54]} 7. O-O {[%clk 1:31:27]} Be6 {[%clk 1:18:08]} 8. Nd5
{[%clk 1:29:48]} h6 {[%clk 1:17:41]} 9. h3 {[%clk 1:22:21]} Bxd5 {[%clk 0:58:10]}
10. exd5 {[%clk 1:22:20]} Ne7 {[%clk 0:58:38]} 11. Kh2 {[%clk 1:00:39]} Qd7
{[%clk 0:51:59]} 12. c4 {[%clk 0:53:01]} Nf5 {[%clk 0:51:57]} 13. b3 {[%clk
0:52:24]} O-O {[%clk 0:46:35]} 14. Bb2 {[%clk 0:51:48]} Rfe8 {[%clk 0:44:14]} 15.
Qd2 {[%clk 0:49:40]} a5 {[%clk 0:43:46]} 16. g4 {[%clk 0:39:36]} Nh4 {[%clk
0:43:17]} 17. f4 {[%clk 0:38:59]} Nxg2 {[%clk 0:22:49]} 18. Kxg2 {[%clk 0:38:57]}
Nxg4 {[%clk 0:21:37]} 19. hxg4 {[%clk 0:38:11]} Qxg4+ {[%clk 0:20:49]} 20. Ng3
{[%clk 0:28:43]} exf4 {[%clk 0:21:02]} 21. Rxf4 {[%clk 0:28:58]} Qg5 {[%clk
0:21:29]} 22. Bc1 {[%clk 0:16:05]} Bb4 {[%clk 0:12:50]} 23. Qb2 {[%clk 0:15:04]}
Be1 {[%clk 0:12:00]} 24. Rf3 {[%clk 0:15:05]} Qg6 {[%clk 0:09:09]} 25. Be3 {[%clk
0:13:56]} Bb4 {[%clk 0:09:36]} 26. a3 {[%clk 0:09:12]} Bc5 {[%clk 0:10:04]} 27.
Bxc5 {[%clk 0:09:37]} dxc5 {[%clk 0:10:30]} 28. Kf2 {[%clk 0:09:44]} Qg5 {[%clk
0:04:57]} 29. Nf5 {[%clk 0:08:44]} 1-0

[Event "LOTTO Polish Championship"]
[Site "chess24.com"]
[Date "2019.05.12"]
[Round "2"]
[White "Heberla, Bartlomiej"]
[Black "Socko, Bartosz"]
[Result "1/2-1/2"]
[Board "3"]
[WhiteElo "2556"]
[WhiteTitle "GM"]
[WhiteCountry "POL"]
[WhiteFideId "1115120"]
[WhiteEloChange "1"]
[BlackElo "2627"]
[BlackTitle "GM"]
[BlackCountry "POL"]
[BlackFideId "1107038"]
[BlackEloChange "-1"]

1. e4 {[%clk 1:30:58]} e5 {[%clk 1:30:54]} 2. Nf3 {[%clk 1:31:22]} Nf6 {[%clk
1:31:20]} 3. Nxe5 {[%clk 1:25:20]} d6 {[%clk 1:31:32]} 4. Nf3 {[%clk 1:25:19]}
Nxe4 {[%clk 1:31:55]} 5. d3 {[%clk 1:25:44]} Nf6 {[%clk 1:32:09]} 6. d4 {[%clk
1:26:12]} d5 {[%clk 1:32:29]} 7. Bd3 {[%clk 1:26:38]} Bd6 {[%clk 1:32:48]} 8. O-O
{[%clk 1:27:02]} O-O {[%clk 1:33:12]} 9. Nc3 {[%clk 1:27:20]} c6 {[%clk 1:28:22]}
10. h3 {[%clk 1:19:29]} h6 {[%clk 1:23:55]} 11. Re1 {[%clk 1:16:03]} Re8 {[%clk
1:20:29]} 12. Ne5 {[%clk 1:15:54]} Nbd7 {[%clk 1:19:26]} 13. Bf4 {[%clk 1:16:14]}
Qc7 {[%clk 1:14:38]} 14. Qf3 {[%clk 1:16:38]} Nf8 {[%clk 0:40:03]} 15. Bxh6
{[%clk 1:10:14]} Bxe5 {[%clk 0:35:48]} 16. dxe5 {[%clk 0:48:52]} Rxe5 {[%clk
0:35:06]} 17. Bf4 {[%clk 0:48:31]} Rxe1+ {[%clk 0:35:29]} 18. Rxe1 {[%clk
0:48:59]} Qd8 {[%clk 0:32:01]} 19. Bg5 {[%clk 0:46:43]} Be6 {[%clk 0:32:18]} 20.
Ne2 {[%clk 0:46:26]} Qa5 {[%clk 0:32:02]} 21. b4 {[%clk 0:46:23]} Qxb4 {[%clk
0:30:21]} 22. c3 {[%clk 0:46:39]} Qe7 {[%clk 0:25:16]} 23. Nf4 {[%clk 0:27:11]}
Re8 {[%clk 0:22:13]} 24. Nh5 {[%clk 0:17:57]} N8d7 {[%clk 0:22:36]} 25. Nxg7
{[%clk 0:18:15]} Kxg7 {[%clk 0:22:25]} 26. Qg3 {[%clk 0:16:45]} Nh5 {[%clk
0:18:13]} 27. Qh4 {[%clk 0:16:05]} f6 {[%clk 0:16:11]} 28. Qxh5 {[%clk 0:12:08]}
fxg5 {[%clk 0:16:35]} 29. Re3 {[%clk 0:12:19]} Rg8 {[%clk 0:09:24]} 30. Qg6+
{[%clk 0:02:53]} Kf8 {[%clk 0:09:45]} 31. Qh6+ {[%clk 0:03:19]} Kf7 {[%clk
0:09:31]} 32. h4 {[%clk 0:02:04]} gxh4 {[%clk 0:06:35]} 33. Qh5+ {[%clk 0:01:05]}
Kf8 {[%clk 0:06:56]} 34. Qh6+ {[%clk 0:00:56]} Kf7 {[%clk 0:06:17]} 35. Qh5+
{[%clk 0:01:02]} Kf8 {[%clk 0:06:41]} 36. Qh6+ {[%clk 0:00:38]} 1/2-1/2

[Event "LOTTO Polish Championship"]
[Site "chess24.com"]
[Date "2019.05.12"]
[Round "2"]
[White "Dragun, Kamil"]
[Black "Gajewski, Grzegorz"]
[Result "1-0"]
[Board "5"]
[WhiteElo "2591"]
[WhiteTitle "GM"]
[WhiteCountry "POL"]
[WhiteFideId "1134167"]
[WhiteEloChange "5"]
[BlackElo "2613"]
[BlackTitle "GM"]
[BlackCountry "POL"]
[BlackFideId "1116207"]
[BlackEloChange "-5"]

1. e4 {[%clk 1:30:56]} c5 {[%clk 1:30:41]} 2. Nf3 {[%clk 1:31:20]} d6 {[%clk
1:31:07]} 3. d4 {[%clk 1:31:44]} cxd4 {[%clk 1:31:33]} 4. Qxd4 {[%clk 1:32:10]}
Nc6 {[%clk 1:23:33]} 5. Qe3 {[%clk 1:32:33]} g6 {[%clk 1:17:02]} 6. Be2 {[%clk
1:32:13]} Bg7 {[%clk 1:17:27]} 7. O-O {[%clk 1:32:12]} Nf6 {[%clk 1:17:52]} 8.
Rd1 {[%clk 1:32:20]} O-O {[%clk 1:17:41]} 9. h3 {[%clk 1:32:06]} Be6 {[%clk
1:11:12]} 10. Nc3 {[%clk 1:29:15]} Rc8 {[%clk 1:09:33]} 11. a3 {[%clk 1:25:56]}
Qa5 {[%clk 1:02:29]} 12. Rb1 {[%clk 1:16:00]} Ne5 {[%clk 0:52:45]} 13. Nxe5
{[%clk 1:07:06]} Qxe5 {[%clk 0:52:55]} 14. f4 {[%clk 1:07:10]} Qc5 {[%clk
0:52:01]} 15. Qxc5 {[%clk 1:04:26]} dxc5 {[%clk 0:50:28]} 16. Be3 {[%clk
1:02:24]} Nd7 {[%clk 0:44:46]} 17. Nd5 {[%clk 0:57:54]} Bxd5 {[%clk 0:38:10]} 18.
Rxd5 {[%clk 0:54:20]} Nf6 {[%clk 0:38:20]} 19. Rxc5 {[%clk 0:53:30]} Nxe4 {[%clk
0:38:43]} 20. Rxc8 {[%clk 0:53:14]} Rxc8 {[%clk 0:39:10]} 21. Bxa7 {[%clk
0:34:26]} Nd2 {[%clk 0:19:58]} 22. Rd1 {[%clk 0:34:44]} Rxc2 {[%clk 0:20:25]} 23.
Be3 {[%clk 0:35:07]} Nb3 {[%clk 0:20:51]} 24. Rd8+ {[%clk 0:35:29]} Bf8 {[%clk
0:21:18]} 25. Bf3 {[%clk 0:35:42]} Kg7 {[%clk 0:18:13]} 26. Rb8 {[%clk 0:29:01]}
Rxb2 {[%clk 0:08:53]} 27. Rxb7 {[%clk 0:28:56]} e6 {[%clk 0:08:39]} 28. a4 {[%clk
0:29:13]} Rb1+ {[%clk 0:05:39]} 29. Kf2 {[%clk 0:26:51]} Rb2+ {[%clk 0:05:22]}
30. Kg3 {[%clk 0:26:58]} Ra2 {[%clk 0:03:57]} 31. Rxb3 {[%clk 0:27:10]} Rxa4
{[%clk 0:04:26]} 32. Bc6 {[%clk 0:26:30]} Ra3 {[%clk 0:04:19]} 33. Rxa3 {[%clk
0:26:42]} Bxa3 {[%clk 0:04:48]} 34. Bd4+ {[%clk 0:27:03]} f6 {[%clk 0:03:41]} 35.
Kf3 {[%clk 0:27:28]} Kf7 {[%clk 0:02:24]} 36. Ba4 {[%clk 0:27:52]} Ke7 {[%clk
0:01:15]} 37. Bb3 {[%clk 0:28:12]} Bd6 {[%clk 0:01:07]} 38. Ke4 {[%clk 0:28:23]}
Bc7 {[%clk 0:01:23]} 39. Bc5+ {[%clk 0:25:42]} Kf7 {[%clk 0:01:50]} 40. Be3
{[%clk 0:55:36]} f5+ {[%clk 0:30:45]} 41. Kf3 {[%clk 0:55:31]} h5 {[%clk
0:14:11]} 42. Bd4 {[%clk 0:54:08]} Bd6 {[%clk 0:12:05]} 43. Be5 {[%clk 0:54:22]}
Be7 {[%clk 0:12:13]} 44. Ke3 {[%clk 0:53:55]} Bc5+ {[%clk 0:08:48]} 45. Kd3
{[%clk 0:54:02]} Ke7 {[%clk 0:06:10]} 46. Kc4 {[%clk 0:54:01]} Bf2 {[%clk
0:06:13]} 47. Kb5 {[%clk 0:54:15]} Kd7 {[%clk 0:06:18]} 48. Ba4 {[%clk 0:54:33]}
Be3 {[%clk 0:05:16]} 49. Ka6+ {[%clk 0:52:55]} Ke7 {[%clk 0:05:45]} 50. Kb7
{[%clk 0:53:11]} Bd2 {[%clk 0:04:52]} 51. Kc6 {[%clk 0:53:28]} Bb4 {[%clk
0:05:05]} 52. Bb3 {[%clk 0:53:21]} Ba3 {[%clk 0:05:31]} 53. Bd4 {[%clk 0:51:55]}
Bc1 {[%clk 0:05:28]} 54. Bc5+ {[%clk 0:52:10]} Kf6 {[%clk 0:05:50]} 55. Bd6
{[%clk 0:52:32]} Bb2 {[%clk 0:05:51]} 56. Kd7 {[%clk 0:41:46]} e5 {[%clk
0:06:20]} 57. fxe5+ {[%clk 0:42:09]} Bxe5 {[%clk 0:06:48]} 58. Be7+ {[%clk
0:42:30]} Kg7 {[%clk 0:07:16]} 59. Ke6 {[%clk 0:42:46]} Bc3 {[%clk 0:04:31]} 60.
Ba4 {[%clk 0:43:03]} Bd4 {[%clk 0:02:41]} 61. Be8 {[%clk 0:43:02]} Bc3 {[%clk
0:02:13]} 62. Bd6 {[%clk 0:41:09]} Ba5 {[%clk 0:01:56]} 63. Be5+ {[%clk 0:40:47]}
Kh7 {[%clk 0:01:59]} 64. Bf6 {[%clk 0:40:44]} Bb6 {[%clk 0:02:16]} 65. Kf7 {[%clk
0:40:24]} Bc5 {[%clk 0:02:41]} 66. Bb5 {[%clk 0:39:46]} Bd6 {[%clk 0:02:58]} 67.
Bg7 {[%clk 0:39:33]} Bg3 {[%clk 0:00:45]} 68. Bd3 {[%clk 0:39:24]} Bf4 {[%clk
0:01:14]} 69. g4 {[%clk 0:35:54]} hxg4 {[%clk 0:01:41]} 70. hxg4 {[%clk 0:36:18]}
Bh6 {[%clk 0:02:03]} 71. Bxh6 {[%clk 0:35:46]} 1-0